ARRUPE JESUIT UNIVERSITY

CORONAVIRUS -STOP THE SPREAD - CLEAN,DISINFECT,COVER

Essais de semiotique poetique (Record no. 3796)

MARC details
000 -LEADER
fixed length control field 00593nam a2200217Ia 4500
003 - CONTROL NUMBER IDENTIFIER
control field 0100
008 - FIXED-LENGTH DATA ELEMENTS--GENERAL INFORMATION
fixed length control field 130227s9999 xx 000 0 und d
020 ## - INTERNATIONAL STANDARD BOOK NUMBER
International Standard Book Number 2030360023
040 ## - CATALOGING SOURCE
Transcribing agency ARRUPELIB
050 ## - LIBRARY OF CONGRESS CALL NUMBER
Classification number B820.E78
245 ## - TITLE STATEMENT
Title Essais de semiotique poetique
245 ## - TITLE STATEMENT
Remainder of title avec les etudes sur Apollinaire, Bataille, Baudelaire, Hugo, Jarry, Mallarme, Michaux, Nerval, Rimbaud, Roubaud
260 ## - PUBLICATION, DISTRIBUTION, ETC. (IMPRINT)
Name of publisher, distributor, etc Libraire Larousse
Place of publication, distribution, etc Paris
Date of publication, distribution, etc 1972
300 ## - PHYSICAL DESCRIPTION
Extent 238p
300 ## - PHYSICAL DESCRIPTION
Other physical details 21cm
440 ## - SERIES STATEMENT/ADDED ENTRY--TITLE
Title Collection L
9 (RLIN) 33911
650 ## - SUBJECT ADDED ENTRY--TOPICAL TERM
Topical term or geographic name as entry element General sematics
General subdivision Addresses
9 (RLIN) 33912
700 ## - ADDED ENTRY--PERSONAL NAME
Personal name Greimas, Algirdas Julien (ed)
9 (RLIN) 33913
942 ## - ADDED ENTRY ELEMENTS (KOHA)
Source of classification or shelving scheme Library of Congress Classification
Item type Monograph ( Printed materials)
Holdings
Withdrawn status Lost status Source of classification or shelving scheme Damaged status Not for loan Collection code Home library Current library Shelving location Date acquired Total Checkouts Full call number Barcode Date last seen Copy number Price effective from Koha item type
    Library of Congress Classification     Main Collection ARRUPE LIBRARY ARRUPE LIBRARY   27/02/2013   B820.E78 46405051 27/02/2013 1 27/02/2013 Monograph ( Printed materials)

 

Arrupe Library. PO Box MP320 Mt Pleasant, Harare, Zimbabwe
263 242 745411|librarian@aju.ac.zw